McGraw-hill encyclopedia of energy. (2nd ed.) (Record no. 50791)
[ view plain ]
| 000 -LEADER | |
|---|---|
| fixed length control field | 00645nam a2200181 a 4500 |
| 008 - FIXED-LENGTH DATA ELEMENTS--GENERAL INFORMATION | |
| fixed length control field | 120416s1981 ||||||||||||||||| || u |
| 020 ## - INTERNATIONAL STANDARD BOOK NUMBER | |
| International Standard Book Number | 0070452687 |
| 050 ## - LIBRARY OF CONGRESS CALL NUMBER | |
| Classification number | REF TJ 163.2 Mac |
| 100 ## - MAIN ENTRY--PERSONAL NAME | |
| Personal name | Parker, Sybil P |
| 245 10 - TITLE STATEMENT | |
| Title | McGraw-hill encyclopedia of energy. (2nd ed.) |
| Statement of responsibility, etc. | edited by Sybil P. Parker |
| 250 ## - EDITION STATEMENT | |
| Edition statement | 2nd ed. |
| 260 ## - PUBLICATION, DISTRIBUTION, ETC. | |
| Place of publication, distribution, etc. | New York: |
| Name of publisher, distributor, etc. | McGraw-Hill |
| Date of publication, distribution, etc. | 1981 |
| 300 ## - PHYSICAL DESCRIPTION | |
| Extent | viii, 838p. : ill. |
| 350 ## - PRICE (NR) (BK AM CF MU VM SE) [OBSOLETE] | |
| Price | 0.00 |
| 650 ## - SUBJECT ADDED ENTRY--TOPICAL TERM | |
| Topical term or geographic name entry element | POWER (MECHANICS)--DICTIONARIES |
| 650 ## - SUBJECT ADDED ENTRY--TOPICAL TERM | |
| Topical term or geographic name entry element | POWER RESOURCES--DICTIONARIES |
| 995 ## - RECOMMENDATION 995 [LOCAL, UNIMARC FRANCE] | |
| -- | 0.00 |
| -- | CBU-MAIN LIBRARY (Kitwe) |
| -- | 1 |
| -- | 59.95 |
| -- | REFERENCE |
| -- | Reference Collection |
| Withdrawn status | Lost status | Source of classification or shelving scheme | Damaged status | Not for loan | Home library | Current library | Shelving location | Date acquired | Total Checkouts | Full call number | Barcode | Date last seen | Price effective from | Koha item type |
|---|---|---|---|---|---|---|---|---|---|---|---|---|---|---|
| CBU-MAIN LIBRARY, KITWE. | CBU-MAIN LIBRARY, KITWE. | 11/30/2022 | REF TJ 163.2 Mac | 712369 | 11/30/2022 | 11/30/2022 | MONOGRAPH |